000 00629cam a2200217 4500
008 090401t1997 xxu||||| |||| 00| 0 eng d
020 _a1858111145
035 _a(Sirsi) u27957
041 0 _aeng
050 0 4 _a333.73 $2 18
100 1 _aCampbell, Gordon
245 0 0 _aConveying contaminated land
_bdeveloping issues
260 _aSutton Coldfield, Birmingham
_bCLT Professional Publishing
_c1997
300 _axiv, 148p.
_c24cm.
350 _a58
650 2 4 _aENVIRONMENT ACT 1995
651 4 _aGREAT BRITAIN
690 _aPROPERTY-RURAL AND NATURAL ASSETS-LAND-CONTAMINATED LAND
942 _n0
948 _c04/03/1997
999 _c89184
_d89184